| 000 | 00777nam a2200181Ia 4500 | ||
|---|---|---|---|
| 008 | 090123s9999 xx 000 0 und d | ||
| 082 | _b40848 | ||
| 100 | _aलिमये राजा | ||
| 245 | _aअस्त्रपुरुष अर्थात डॉ. ए.पी.जे. अब्दुल कलाम | ||
| 250 | _a1 | ||
| 260 |
_bदिलिपराज प्रकाशन _c2006 |
||
| 300 | _a128 | ||
| 600 | _aलिमये राजा | ||
| 630 | _aअस्त्रपुरुष अर्थात डॉ. ए.पी.जे. अब्दुल कलाम | ||
| 700 | _aलिमये राजा | ||
| 730 | _aअस्त्रपुरुष अर्थात डॉ. ए.पी.जे. अब्दुल कलाम | ||
| 942 | _cBOOK | ||
| 999 |
_c78923 _d78923 |
||